| 000 | 00700nam a22002057a 4500 | ||
|---|---|---|---|
| 999 |
_c10408 _d10408 |
||
| 003 | AR-CdUCM | ||
| 008 | 190401b ||||| |||| 00| 0 spa d | ||
| 040 |
_aMUNICIPALIDAD PROVINCIAL DEL CUSCO _cBIBLIOTECA MUNICIPAL DEL CUSCO |
||
| 082 |
_aEP / 372.036 / _bN29 |
||
| 110 |
_aNavarrete _927245 |
||
| 245 |
_aDescubrir : _benciclopedia escolar tercer grado / |
||
| 260 |
_aLima : _bNavarrete, |
||
| 300 |
_a335 páginas ; _c23 cm. |
||
| 505 | _aContenido: taller de carpinteria -- A la bandera -- Mi maestro -- Una excursión -- Educación vial... | ||
| 650 |
_aEducación. _9460 |
||
| 650 |
_aEnciclopedia. _918075 |
||
| 650 |
_aEducación primaria. _91561 |
||
| 942 |
_2ddc _cLIBROS |
||
| 945 | _awfj | ||